| 000 | 00891nam a22002537a 4500 | ||
|---|---|---|---|
| 999 |
_c5744 _d5744 |
||
| 003 | AR-CdUCM | ||
| 008 | 190313b ||||| |||| 00| 0 spa d | ||
| 020 | _a84-254-0950-0 | ||
| 040 |
_aMUNICIPALIDAD PROVINCIAL DEL CUSCO _cBIBLIOTECA MUNICIPAL DEL CUSCO |
||
| 041 | _heng | ||
| 082 |
_a149.96 / _bB84 |
||
| 100 |
_aBroekman, Jan M. _917092 |
||
| 245 | _aEl Estructuralismo / | ||
| 260 |
_aBarcelona : _bHerder, _c1974. |
||
| 300 |
_a201 páginas ; _c22 cm. |
||
| 440 |
_aBiblioteca de Filosofía. _n1 _917093 |
||
| 505 | _aContenido: El mundo como partitura -- El concepto de estructura -- Puntos de vista gnoseológicos -- Circunstancias -- El clima espiritual -- Alineación ... | ||
| 650 |
_aEstructuralismo _915023 |
||
| 650 |
_aFormalismo y marxismo _917094 |
||
| 650 |
_aMoscú _94830 |
||
| 700 |
_aGancho, Claudio (traducción) _917095 |
||
| 942 |
_2ddc _cLIBROS |
||
| 945 | _aachl | ||